| 000 | 00328nam a2200121Ia 4500 | ||
|---|---|---|---|
| 008 | 231129s9999||||xx |||||||||||||| ||spa|| | ||
| 082 | _aHAJ- 0263 | ||
| 100 | _aLenin V. I. | ||
| 245 | 0 | _aEl trabajo del partido entre las masas; artículos y discursos | |
| 260 | _c191 | ||
| 264 | _aMoscú: Progreso 191? | ||
| 942 |
_2ddc _cBKS |
||
| 999 |
_c12576 _d12576 |
||